000 00769nam a22001817a 4500
999 _c371746
_d371746
008 201127b ||||| |||| 00| 0 eng d
040 _aDE-2950
_bger
_cDE-2950
_erda
041 _ager
245 _aNeben E-Rollern gibt es jetzt auch E-Bikes zum Ausleihen.
_bMobilität: Bird bringt in Kooperation mit Stadt und SVF ab sofort auch elektrische Leihräder auf die Straße. 24 Parkstationen gibt es im Stadtgebiet /
_cPhilpp Stepputtis
264 _c2022
653 _aFrankfurt (Oder)
653 _aElektro-Mobilität
773 _dFrankfurt (Oder) Märkisches Verlags- und Druckhaus GmbH & Co KG
_tMärkische Oderzeitung
_g33. Jahrgang (2022) Nr. 162 vom 14.07.2022, S. 11: Foto
942 _cA